000 01081nam a22003377a 4500
003 CHAP
005 20220329141103.0
008 971013s1990 r 00010 d
010 _a62406
011 _a63378
035 _a67554
040 _cCHAP
082 _a719.32
_bB5
100 0 0 _aBlas Aritio, Luis.
_913130
245 _aParques nacionales iberoamericanos
260 _aMéxico, D. F. :
_bREI,
_c1990
300 _a2 v.
_b: ilus.
490 _aBiblioteca iberoamericana
500 _aLa biblioteca tiene : v.1
590 _aBATCH-UPD
_b10
_c20130110
_lUCH01
_h0504
590 _aBATCH-UPD
_b10
_c20130410
_lUCH01
_h0141
590 _aBATCH-UPD
_b10
_c20130914
_lUCH01
_h0620
590 _aCONVERSION
_b10
_c20130109
_lUCH01
_h1333
650 1 4 _aÁreas protegidas
_xAmerica Latina.
_96867
650 1 4 _aParques nacionales
_xAmérica Latina.
_985699
650 1 4 _aRecursos naturales
_xAmérica Latina.
_995189
830 0 _aBiblioteca iberoamericana
_912398
901 _aBK
942 _cLIBRO
949 _a719.32 B5
_bBC
_cMUT
_d33724000643839
_eMUT
_fv.1
_h92127
_i67554
_mD
_si
999 _c62406
_d62406